00678nam a22002417a 450000500170000000800410001702000180005804100080007608200180008410000330010224500790013526000130021426000120022726000090023930000180024849000290026665000360029565000130033165000190034465000190036365000270038265000270040920251017184531.0240214b |||||||| |||| 00| 0 spa d a9786075600147 aESP a364.168 F475c aFigueroa Castellanos, Javier aCriminología y big data: el futuro de la investigación criminológica aMéxico bINACIPE c2019 a119 páginas aInvestigación Criminal aINVESTIGACIÓN CRIMINOLÓGICA aBIG DATA aCRIMINOLOGÍA aTIPOS DE DATOS aTRANSFERENCIA DE DATOS aPROCESAMIENTO DE DATOS